000 00385nam a2200133Ia 4500
005 20260328104324.0
008 260328s9999||||xx |||||||||||||| ||und||
100 _aQuintero, Pablo
245 0 _aModernidad en la Arquitectura Mexicana (18 protagonistas) /
_cPablo Quintero
260 _bUniversidad Autónoma Metropolitana
300 _a668 p.
650 _aARQUITECTURA
942 _cBK
999 _c11448
_d11448